| 000 | 00596nam a2200181Ia 4500 | ||
|---|---|---|---|
| 008 | 100921s9999 xx 000 0 und d | ||
| 082 |
_b8966 _a820 थ 49 |
||
| 100 | _aCouch Quiller,Editor. | ||
| 245 | _aThe Kings Treasuries Of Literature. | ||
| 260 |
_bजेएम्र डेंट अँड सन्स,लंडन. _c1949 |
||
| 300 |
_a128 _b--- |
||
| 365 | _b0 | ||
| 520 | _aललित इंग्रजी. | ||
| 630 | _aThe Kings Treasuries Of Literature. | ||
| 650 | _aललित इंग्रजी. | ||
| 730 | _aThe Kings Treasuries Of Literature. | ||
| 942 | _cBOOK | ||
| 999 |
_c758079 _d758076 |
||